A bölcsesség és az éj madara

Elmentve itt :
Bibliográfiai részletek
Szerző: Újvári Edit
Dokumentumtípus: Cikk
Megjelent: 2024
Sorozat:ANTIKVITÁS ÉS RENESZÁNSZ 13 No. 1
Tárgyszavak:
doi:10.14232/antikren.2024.13.129-142

mtmt:34731985
Online Access:http://publicatio.bibl.u-szeged.hu/38795
LEADER 00752nab a2200205 i 4500
001 publ38795
005 20260121131624.0
008 260121s2024 hu o 000 hun d
022 |a 2560-2659 
024 7 |a 10.14232/antikren.2024.13.129-142  |2 doi 
024 7 |a 34731985  |2 mtmt 
040 |a SZTE Publicatio Repozitórium  |b hun 
041 |a hun 
100 1 |a Újvári Edit 
245 1 2 |a A bölcsesség és az éj madara  |h [elektronikus dokumentum] /  |c  Újvári Edit 
260 |c 2024 
300 |a 129-142 
490 0 |a ANTIKVITÁS ÉS RENESZÁNSZ  |v 13 No. 1 
650 4 |a Művészetek (művészetek, művészettörténet, előadóművészetek, zene) 
856 4 0 |u http://publicatio.bibl.u-szeged.hu/38795/1/antikvitas_es_reneszansz_013_129-142.pdf  |z Dokumentum-elérés